|
|
|
|
| LEADER |
00926cam a2200277 7i4500 |
| 001 |
0000133428 |
| 005 |
20190929090000.0 |
| 008 |
190508s2018 my a x 0 may |
| 020 |
# |
# |
|a 9789672183495
|
| 040 |
# |
# |
|a UMT
|
| 090 |
0 |
0 |
|a DS 36.85
|b .H8 2018
|
| 100 |
0 |
# |
|a Hussain Othman,
|c Prof. Madya, Dr
|e author
|
| 245 |
1 |
0 |
|a Salib & penjajahan dunia Islam
|c Hussain Othman.
|
| 264 |
# |
# |
|a Batu Pahat, Johor:
|b Penerbit UTHM,
|c 2018.
|
| 264 |
# |
# |
|c ♭2018.
|
| 336 |
# |
# |
|a text
|2 rdacontent
|
| 337 |
# |
# |
|a unmediated
|2 rdamedia
|
| 338 |
# |
# |
|a volume
|2 rdacarrier
|
| 590 |
# |
# |
|a Perpustakaan Sultanah Nur Zahirah
|
| 650 |
0 |
0 |
|a Islamic Empire --
|x History
|
| 650 |
0 |
0 |
|a Islam --
|x History
|
| 650 |
0 |
0 |
|a Islam and politics --
|z Arab countries
|
| 650 |
0 |
0 |
|a Islamic civilization --
|x Western influences
|
| 650 |
0 |
0 |
|a Government publications --
|z Malaysia
|
| 650 |
0 |
0 |
|a Crusades
|
| 999 |
|
|
|a 1100106364
|b Book
|c Open Shelf
|e KOLEKSI TERBUKA
|